000 01925nam a22002897a 4500
999 _c58872
_d58872
003 Ge_BSU
005 20221017102134.0
008 221012s2016 ge ||||| |||| 00| 0 geo d
020 _a9789941135408
041 _ageo
080 _a[378.4(479.22)(063)+27(063) ქ 73
245 _aქრისტიანობა და ეკონომიკა :
_bIX საერთაშორისო სამეცნიერო კონფერენციის მოხსენებათა კრებული (ქუთაისი, 2016 წლის 22-23 ოქტომბერი) /
_cრედაქტორები: რევაზ გოგოხია, გიორგი შიხაშვილი ; ინგლისურენოვანი ტექსტების რედაქტორი ნანა მაისურაძე.
264 _aქუთაისი :
_bთბილისი,
_c2016.
300 _a238 გვ. ;
_b29 სმ.
500 _aთავფურცლის მე-3 გვერდი ინგლ. ენაზე.
501 _aტექსტის ნაწილი ინგლ. ენაზე.
504 _aბიბლიოგრ. ტექსტის შენიშვნებში.
653 _aუნივერსიტეტები საქართველოში
653 _aკონფერენციები
653 _aქრისტიანობა
653 _aმართლმადიდებლობა
700 _aბიძინა (გუნია), დეკანოზი
_eავტორი
_915281
700 _aარჩვაძე, იოსებ
_eავტორი
_915282
700 _aქურხული, ლია
_eავტორი
_915283
700 _aახვლედიანი, ნონა და სხვ.
_eავტორი
_915284
942 _2udc
_cBK